Mentální anorexie a mentální bulimie - osobnost pacienta, přístupy a psychoterapie : bakalářská práce Pavla Šišáková ; Vedoucí práce: Marie Lhotová
Record details
- Physical Description: 59 s.
Content descriptions
| General Note: | <a href="bc/05-6/sisakova_bc.pdf">přístup k plnému textu</a> |
| Bibliography, etc. Note: | bibliogr. s. 58 |
Available copies
- 1 of 1 copy available at Common Catalog SPOK.
Holds
- 0 current holds with 1 total copy.
Show Only Available Copies
| Location | Call Number / Copy Notes | Barcode | Shelving Location | Status | Due Date |
|---|---|---|---|---|---|
| Jabok Library | ABP-1114 | 424480018527 | Absolventské práce | Reference | - |
Electronic resources
- Version of Resource: Zobrazení plného textu
- Version of Resource: Plný text
| LDR | 00827ntm a22 a 4500 | ||
|---|---|---|---|
| 001 | 6825 | ||
| 003 | CZ-PrJAB | ||
| 005 | 20210217053216.0 | ||
| 008 | 060316s2005 xr e |||| |cze | ||
| 009 | cz | ||
| 035 | . | ‡a(CONS)6825 | |
| 035 | . | ‡aKPS0014982 | |
| 041 | 0 | . | ‡acze |
| 100 | 1 | 1. | ‡711411 ‡aŠišáková, Pavla |
| 110 | 2. | ‡aEvangelická teologická fakulta Univerzity Karlovy | |
| 245 | 1 | . | ‡aMentální anorexie a mentální bulimie - osobnost pacienta, přístupy a psychoterapie : ‡bbakalářská práce ‡cPavla Šišáková ; Vedoucí práce: Marie Lhotová |
| 260 | . | ‡aPraha ‡c2005 | |
| 300 | . | ‡a59 s. | |
| 500 | . | ‡a<a href="bc/05-6/sisakova_bc.pdf">přístup k plnému textu</a> | |
| 504 | . | ‡abibliogr. s. 58 | |
| 653 | . | ‡amentální anorexie ‡amentální bulimie ‡aosobnost pacienta ‡apsychoterapie ‡aporuchy příjmu potravy | |
| 700 | 1 | 1. | ‡74189 ‡aLhotová, Marie |
| 856 | 4 | 1. | ‡uhttp://knihovna.jabok.cz/abp/bc/05-6/sisakova_bc.pdf ‡yZobrazení plného textu |
| 999 | . | ‡a1114- ‡c1114- ‡i424480018527 ‡tP | |
| 910 | . | ‡aABG312 | |
| 856 | 4 | 1. | ‡uhttps://dspace.cuni.cz/handle/20.500.11956/2713 ‡yPlný text |
| 901 | . | ‡a6825 ‡bCZ-PrJAB ‡c6825 ‡tbiblio | |